Loading...
History - European History | 0 | 4 | 1 | 2 | 35 | 81 | 112.75 | 1 | 2 |
Literature - World Literature | 0 | 3 | 1 | 0 | 25 | 84 | 94.00 | 0 | 3 |
Literature - British Literature | 0 | 2 | 0 | 1 | 20 | 121 | 131.00 | 0 | 2 |
Literature - European Literature | 0 | 2 | 1 | 1 | 15 | 77 | 88.00 | 1 | 1 |
Beliefs | 0 | 2 | 1 | 0 | 15 | 89 | 91.00 | 1 | 2 |
History - World History | 1 | 0 | 0 | 0 | 15 | 28 | 28.00 | 1 | 1 |
Current Events | 0 | 1 | 0 | 0 | 10 | 122 | 122.00 | 0 | 1 |
Social Science | 0 | 1 | 0 | 0 | 10 | 102 | 102.00 | 0 | 1 |
Literature - American Literature | 0 | 1 | 0 | 0 | 10 | 77 | 77.00 | 1 | 1 |
Science - Biology | 0 | 1 | 1 | 1 | 5 | 121 | 121.00 | 0 | 0 |
History - American History | 0 | 1 | 1 | 1 | 5 | 113 | 113.00 | 1 | 1 |
Fine Arts - Other Arts | 0 | 1 | 1 | 0 | 5 | 127 | 127.00 | 0 | 0 |
History - Ancient History | 0 | 1 | 1 | 0 | 5 | 126 | 126.00 | 1 | 1 |
Visual Arts | 0 | 1 | 2 | 0 | 0 | 127 | 127.00 | 0 | 1 |
History - Other History | 0 | 0 | 0 | 0 | 0 | 0.00 | 0 | 0 | |
Auditory Arts | 0 | 0 | 0 | 0 | 0 | 0.00 | 0 | 0 | |
Science - Other Science | 0 | 0 | 1 | 0 | -5 | 0.00 | 0 | 0 |